000
00311nam a22001457a 4500
008
230913b ||||| |||| 00| 0 eng d
020
_a
0226764206
041
_a
eng
080
_a
521
082
_a
521SMI
100
_a
19
101
_a
ASTRO
245
_a
THE SCIENCE OF ENERGY
_c
SMITH .C
942
_2
udc
_c
BK
999
_c
60351
_d
60351